00978nam a22002657a 450000500170000000800410001702000280005802000250008602000240011104000410013504100080017624501440018424600550032825000100038326000640039330000220045765000210047965000290050065000420052965000290057165000170060070000420061770000190065970000340067820251110084102.0251110b ||||| |||| 00| 0 eng d a9789585005501 (impreso) a9789585005518 (ePub) a9789585005525 (pdf) aCO-BoUCMcDavid MorenodDavid Moreno aeng00aSemiosis como creaciónbentre la naturaleza, el cuerpo y el artecJorge Eduardo Ureña Lopez, Jamin Pelkey y Lúdmila Lacková Bennett aSemiosis as creationbBetween nature, body and art a1a.Ed aBogotá, ColombiabEditorial Universidad del Rosarioc2025 axxvi, 336 paginas14aArte y filosofia14aCuerpo humano en el arte14aCreación literaria, artistica, etc.14aSimbolismos artísticos14aArte moderno1 aUreña Lopez, Jorge Eduardo eeditor1 aPelkey, Jamin 1 aLacková Bennett, Lúdmila